| 000 | 00717nam a22002057a 4500 | ||
|---|---|---|---|
| 999 |
_c60979 _d60979 |
||
| 005 | 20231201145828.0 | ||
| 008 | 231201s1982ru xxu||||| |||| 00| 0 rus d | ||
| 020 | _aX | ||
| 041 | _arus | ||
| 080 | _a551.21 А-77 | ||
| 100 |
_a Апродов, В. А. _920550 |
||
| 245 |
_aВулканы : _b[научно-популярная литература] / _c В. А. Апродов. |
||
| 264 |
_a Москва : _bМысль, _c1982. |
||
| 300 |
_a 367 с. : _bил. |
||
| 440 |
_a(Природа мира). _920551 |
||
| 500 | _a Библиогр.: с. 342-348. , Указ.вулканов : с. 349-361 | ||
| 653 | _a Вулканы | ||
| 653 | _aვულკანები | ||
| 942 |
_2udc _cᲬᲘᲒᲜᲘ |
||